South Africa : Selected Issues.

This Selected Issues paper estimates an equilibrium path for South Africa's real effective exchange rate. The paper briefly describes the dynamics of the real exchange rate and its determinants. It investigates the presence of a long-term relationship between the real exchange rate and certain...

Popoln opis

Bibliografske podrobnosti
Korporativna značnica: International Monetary Fund
Format: Revija
Jezik:English
Izdano: Washington, D.C. : International Monetary Fund, 2003.
Serija:IMF Staff Country Reports; Country Report ; No. 2003/018
Online dostop:Full text available on IMF
LEADER 01599cas a2200241 a 4500
001 AALejournalIMF008378
008 230101c9999 xx r poo 0 0eng d
020 |c 5.00 USD 
020 |z 9781451840995 
022 |a 1934-7685 
040 |a BD-DhAAL  |c BD-DhAAL 
110 2 |a International Monetary Fund. 
245 1 0 |a South Africa :   |b Selected Issues. 
264 1 |a Washington, D.C. :  |b International Monetary Fund,  |c 2003. 
300 |a 1 online resource (103 pages) 
490 1 |a IMF Staff Country Reports 
500 |a <strong>Off-Campus Access:</strong> No User ID or Password Required 
500 |a <strong>On-Campus Access:</strong> No User ID or Password Required 
506 |a Electronic access restricted to authorized BRAC University faculty, staff and students 
520 3 |a This Selected Issues paper estimates an equilibrium path for South Africa's real effective exchange rate. The paper briefly describes the dynamics of the real exchange rate and its determinants. It investigates the presence of a long-term relationship between the real exchange rate and certain explanatory variables, estimates the speed at which the real exchange rate converges toward its equilibrium level, and derives measures for the equilibrium real exchange rate. The paper also examines the real money demand, consumer prices, and the real exchange rate in South Africa. 
538 |a Mode of access: Internet 
830 0 |a IMF Staff Country Reports; Country Report ;  |v No. 2003/018 
856 4 0 |z Full text available on IMF  |u http://elibrary.imf.org/view/journals/002/2003/018/002.2003.issue-018-en.xml  |z IMF e-Library